000 00390nam a22001457a 4500
005 20260405120904.0
008 260405b |||||||| |||| 00| 0 eng d
020 _a9780333735848
082 _a327.117 TAN
_b306486
100 _aRaymond Tanter
245 _aROGUE REGIMES
_bTerrorism and Proliferation
260 _aLondon
_bMACMILLAN PRESS LTD
_c1998
300 _a331
942 _cENGLISH
999 _c618669
_d618669